|
|
|
|
| LEADER |
00000nas a2200000 a 4500 |
| 001 |
ssj0000825555 |
| 003 |
WaSeSS |
| 005 |
20200512172242.0 |
| 006 |
m d |
| 007 |
cr n |
| 008 |
910408c19909999rm mr p sgw 0 0rum |
| 010 |
|
|
|a 91656105
|
| 015 |
|
|
|a 015712478
|2 dnb
|
| 016 |
7 |
|
|a 1039073-x
|2 DE-600
|
| 016 |
7 |
|
|a 015712478
|2 DE-101
|
| 016 |
7 |
|
|a 1039073x
|2 DE-600
|
| 022 |
|
|
|l 1018-0435
|y 1018-0435
|
| 035 |
|
|
|a (WaSeSS)ssj0000825555
|
| 037 |
|
|
|b Uniunea Juriștilor din România, Redacția revistei "Dreptul", B-dul Magheru, nr. 22, 70158 București
|
| 040 |
|
|
|a DLC
|b eng
|c DLC
|d NST
|d DLC
|d HUL
|d SYS
|d OCLCQ
|d HVL
|d GEBAY
|d GBVCP
|d OCLCQ
|d OCLCF
|d AU@
|d OCLCO
|d DEBBG
|d OCLCA
|d WaSeSS
|
| 042 |
|
|
|a pcc
|
| 043 |
|
|
|a e-rm---
|
| 050 |
0 |
0 |
|a K4
|b .R47
|
| 222 |
|
0 |
|a Dreptul
|b (București)
|
| 245 |
0 |
0 |
|a Dreptul
|h [electronic resource] /
|c Uniunea Juriștilor Democrați din România.
|
| 260 |
|
|
|a București :
|b Uniunea,
|c 1990-
|
| 310 |
|
|
|a Monthly
|
| 362 |
0 |
|
|a Anul 1, nr. 1-2-
|
| 500 |
|
|
|a Title from cover.
|
| 506 |
|
|
|a License restrictions may limit access.
|
| 515 |
|
|
|a Anul 1, nr. 1-2- is also called Seria a 3-a-
|
| 515 |
|
|
|a Some issues published in combined form.
|
| 588 |
|
|
|a Latest issue consulted: 2008, nr. 6.
|
| 650 |
|
0 |
|a Law
|z Romania
|v Periodicals.
|
| 650 |
|
0 |
|a Bar associations
|z Romania
|v Periodicals.
|
| 650 |
0 |
7 |
|a Recht.
|2 swd
|
| 650 |
0 |
7 |
|a Zeitschrift.
|2 swd
|
| 650 |
|
7 |
|a Bar associations.
|2 fast
|0 (OCoLC)fst00827351
|
| 650 |
|
7 |
|a Law.
|2 fast
|0 (OCoLC)fst00993678
|
| 650 |
0 |
7 |
|a Recht.
|0 (DE-588)4048737-4
|2 gnd
|
| 650 |
0 |
7 |
|a Zeitschrift.
|0 (DE-588)4067488-5
|2 gnd
|
| 651 |
|
7 |
|a Rumänien.
|2 swd
|
| 651 |
|
7 |
|a Romania.
|2 fast
|0 (OCoLC)fst01205085
|
| 651 |
|
7 |
|a Rumänien.
|0 (DE-588)4050939-4
|2 gnd
|
| 655 |
|
0 |
|a Electronic journals.
|
| 710 |
2 |
|
|a Uniunea Juriștilor Democrați din România.
|
| 780 |
0 |
0 |
|t Revista românǎ de drept
|w (DLC) 91656106
|w (OCoLC)2969258
|
| 850 |
|
|
|a CSt-H
|a DLC
|a MH-L
|
| 853 |
3 |
3 |
|8 1
|a anul
|b nr.
|i (year)
|
| 856 |
4 |
0 |
|z Full text available from Research Library: 08/01/2013 to present
|u https://search.proquest.com/publication/976334
|
| 863 |
4 |
0 |
|8 1
|a <1>
|i <1990>
|x provisional
|